| 000 | 01495nam a2200313 a 4500 | ||
|---|---|---|---|
| 001 | BRCA_5024 | ||
| 005 | 20190320204917.0 | ||
| 008 | 011110s1787----mx-######v---#000-0#spa-# | ||
| 041 | _aspa | ||
| 044 | _amx | ||
| 084 |
_aDOC91 _b.C76 _c1787 |
||
| 100 | 1 |
_aCrox, Sixto José _912820 |
|
| 245 | 1 | 0 |
_aDocumento que avala parte del pago de una casa por Don Manuel de la Borda _cSixto Crox José ; Manuel de la Borda ; Manuel Clavijo y Mora. |
| 260 |
_aMéxico _c1787 |
||
| 300 |
_a[10] fojas _c31 x 21 cm. |
||
| 500 | _aDocumento firmado el 24 de mayo de 1787. | ||
| 500 |
_aDocumento en el cual Don Sixto José Crox, explica detalladamente como quedaban cubiertos a favor de Don Manuel de la Borda, _11,000 de los _15,000 que vale la casa comprada a Don Manuel Clavijo y Mora, abogado de la Real Audiencia. |
||
| 500 | _aEl documento contiene la leyenda DOC.# 251. | ||
| 500 | _aEstado de conservación : contiene pequeñas lagunas provocadas por insectos, manchas en algunas fojas y márgenes deteriorados. | ||
| 506 | 0 | _aFondo Reservado. Para su consulta es necesario credencial de usuario y carta de motivos. | |
| 546 | _aTexto en : español de finales del siglo XVIII. | ||
| 600 | 1 | 4 |
_aCrox, Sixto José _xHistoria _912821 |
| 650 | 1 | 4 |
_aCompraventa de bienes raíces _vManuscritos _zMèxico _912822 |
| 651 | 4 |
_aMéxico _xHistoria _yColonia, 1521-1821 _912461 |
|
| 700 | 1 |
_aBorda, Manuel de la _912823 |
|
| 700 | 1 |
_aClavijo y Mora, Manuel _912824 |
|
| 902 | _aFDH | ||
| 942 |
_2lcc _cD |
||
| 999 |
_c4718 _d4718 |
||